<?xml version="1.0" encoding="UTF-8"?><marc:collection xmlns:marc="http://www.loc.gov/MARC21/slim">
  <marc:record>
    <marc:leader>00000nam##2200000za#4500</marc:leader>
    <marc:controlfield tag="001">9.698392</marc:controlfield>
    <marc:controlfield tag="003">CaOODSP</marc:controlfield>
    <marc:controlfield tag="005">20210624235915</marc:controlfield>
    <marc:controlfield tag="007">cr |||||||||||</marc:controlfield>
    <marc:controlfield tag="008">150407|2001||||xxc|||||o    f|0| 0 eng|d</marc:controlfield>
    <marc:datafield tag="040" ind1=" " ind2=" ">
      <marc:subfield code="a">CaOODSP</marc:subfield>
      <marc:subfield code="b">eng</marc:subfield>
    </marc:datafield>
    <marc:datafield tag="043" ind1=" " ind2=" ">
      <marc:subfield code="a">n-cn---</marc:subfield>
    </marc:datafield>
    <marc:datafield tag="086" ind1="1" ind2=" ">
      <marc:subfield code="a">RH34-16/2001-1E-PDF</marc:subfield>
    </marc:datafield>
    <marc:datafield tag="110" ind1="1" ind2=" ">
      <marc:subfield code="a">Canada.</marc:subfield>
      <marc:subfield code="b">Human Resources Development Canada. </marc:subfield>
      <marc:subfield code="b">Strategic Policy.</marc:subfield>
    </marc:datafield>
    <marc:datafield tag="245" ind1="1" ind2="0">
      <marc:subfield code="a">Government of Canada response to A common vision: interim report, the fourth report of the Standing Committee on Human Resources Development and the Status of Persons with Disabilities </marc:subfield>
      <marc:subfield code="h">[electronic resource]</marc:subfield>
    </marc:datafield>
    <marc:datafield tag="246" ind1="1" ind2=" ">
      <marc:subfield code="i">Short title : </marc:subfield>
      <marc:subfield code="a">Government of Canada response to A common vsion: interim report</marc:subfield>
    </marc:datafield>
    <marc:datafield tag="260" ind1=" " ind2=" ">
      <marc:subfield code="a">Ottawa - Ontario : </marc:subfield>
      <marc:subfield code="b">Human Resources Development Canada. </marc:subfield>
      <marc:subfield code="c">c2001.</marc:subfield>
    </marc:datafield>
    <marc:datafield tag="300" ind1=" " ind2=" ">
      <marc:subfield code="a">43p.</marc:subfield>
      <marc:subfield code="b">references</marc:subfield>
    </marc:datafield>
    <marc:datafield tag="500" ind1=" " ind2=" ">
      <marc:subfield code="a">Imperfect copy: p.1 (title page), p.19, 26, 31 missing. The catalogue number (RH34-16/2001-1) and ISBN (0-662-66165-6) for the bilingual print edition have been incorrectly copied in this electronic publication.</marc:subfield>
    </marc:datafield>
    <marc:datafield tag="520" ind1="3" ind2=" ">
      <marc:subfield code="a">This document outlines the federal government's response to the report of the Standing Committee on Human Resources Development and the Status of Persons with Disabilities and its sub-committees, focusing on the needs of children and persons with disabilities. It describes federal program investments and initiatives, and gives detailed responses to each of the recommendations made in "A Common Vision: Interim Report".</marc:subfield>
    </marc:datafield>
    <marc:datafield tag="590" ind1=" " ind2=" ">
      <marc:subfield code="a">13-20-Supp</marc:subfield>
      <marc:subfield code="b">2013-08-30</marc:subfield>
    </marc:datafield>
    <marc:datafield tag="690" ind1="0" ind2="7">
      <marc:subfield code="a">Human resources</marc:subfield>
      <marc:subfield code="2">gcpds</marc:subfield>
    </marc:datafield>
    <marc:datafield tag="690" ind1="0" ind2="7">
      <marc:subfield code="a">Status of disabled persons</marc:subfield>
      <marc:subfield code="2">gcpds</marc:subfield>
    </marc:datafield>
    <marc:datafield tag="775" ind1="0" ind2="8">
      <marc:subfield code="t">Réponse du gouvernement du Canada à Une vision commune : rapport intérimaire, quatrième rapport du Comité permanent du développement des ressources humaines et de la condition des personnes handicapées </marc:subfield>
      <marc:subfield code="w">(CaOODSP)9.642403</marc:subfield>
    </marc:datafield>
    <marc:datafield tag="776" ind1="0" ind2="#">
      <marc:subfield code="t">Government of Canada response to A common vision: interim report: the fourth report of the Standing Committee on Human Resources Development and the Status of Persons with Disabilities </marc:subfield>
      <marc:subfield code="w">(CaOODSP)9.663303</marc:subfield>
    </marc:datafield>
    <marc:datafield tag="776" ind1="0" ind2="#">
      <marc:subfield code="t">Réponse du gouvernement du Canada à Une vision commune: rapport intérimaire: quatrième rapport du Comité permanent du développement des ressources humaines et de la condition des personnes handicapées </marc:subfield>
      <marc:subfield code="w">(CaOODSP)9.663304</marc:subfield>
    </marc:datafield>
    <marc:datafield tag="856" ind1="4" ind2="0">
      <marc:subfield code="a">http://publications.gc.ca</marc:subfield>
      <marc:subfield code="q">PDF</marc:subfield>
      <marc:subfield code="s">133 KB</marc:subfield>
      <marc:subfield code="u">https://publications.gc.ca/collections/Collection/RH34-16-2001-1E.pdf</marc:subfield>
    </marc:datafield>
  </marc:record>
</marc:collection>
